Clavicle Elements - Statistics

General Stats
  • This quiz has been taken 43 times
  • The average score is 4 of 6
Answer Stats
Hint Answer % Correct
2 Acromial End
100%
1 Sternal End
100%
3 Conoid Tubercle
75%
6 Trapezoid Line
50%
5 Subclavian Groove
38%
4 Costal Impression
13%
No matching quizzes found
Score Distribution
Percent of People with Each Score
Percentile by Number Answered
Your Score History
You have not taken this quiz